Redrawing the blueprint (Record no. 121102)
[ view plain ]
| 000 -LEADER | |
|---|---|
| fixed length control field | 01186nas a22001817a 4500 |
| 001 - CONTROL NUMBER | |
| control field | K121102 |
| 007 - PHYSICAL DESCRIPTION FIXED FIELD--GENERAL INFORMATION | |
| fixed length control field | ta |
| 008 - FIXED-LENGTH DATA ELEMENTS--GENERAL INFORMATION | |
| fixed length control field | 190823b2019 ||||| |||| 00| 0 eng d |
| 041 ## - LANGUAGE CODE | |
| Language code of text/sound track or separate title | eng |
| 100 ## - MAIN ENTRY--PERSONAL NAME | |
| Personal author | Rosser, Emma |
| 245 ## - TITLE STATEMENT | |
| Title | Redrawing the blueprint |
| 490 ## - SERIES TITLE | |
| Series statement | Estates Gazette |
| Volume | (1931) 3 August 2019 34-37 |
| 520 ## - ABSTRACT | |
| Abstract | Features an Interview with Stephen Kinsella Homes England’s Chief Land and Development Officer. Discusses the agency’s expansion plans to deliver 10,000 homes a year. Homes England is currently undergoing a restructure based around 3 divisions, these being development, investment and Markets, Partners and Places which will liaise with stakeholders such as local authorities with a new national centre based in Coventry. The agency’s vast land bank will free sites up for new housing and it will continue to make land obtained from government departments such as the Ministry of Defence (MoD) available. The development arm is planning a recruitment campaign to attract 150 land and development professionals including director-level roles. |
| 650 ## - KEYWORDS | |
| Keywords | Homes England |
| 650 ## - KEYWORDS | |
| Keywords | Land bank |
| 651 ## - SUBJECT ADDED ENTRY--GEOGRAPHIC NAME | |
| Geographic name | England |
| 690 ## - LOCAL SUBJECT ADDED ENTRY--TOPICAL TERM (OCLC, RLIN) | |
| 9 (RLIN) | 6259 |
| Topical term or geographic name as entry element | Planning and development |
| Withdrawn status | Lost status | Damaged status | Not for loan | Home library | Current library | Shelving location | Date acquired | Total Checkouts | Date last seen | Price effective from | Koha item type |
|---|---|---|---|---|---|---|---|---|---|---|---|
| London | London | Journals | 23/08/2019 | 23/08/2019 | 23/08/2019 | Journal article |